| 000 | 00424pab a2200169 454500 | ||
|---|---|---|---|
| 008 | 180718b1983 xxu||||| |||| 00| 0 eng d | ||
| 100 | _aBhambhri, C.P. | ||
| 245 | _aSocial context of accountability | ||
| 260 | _c1983 | ||
| 300 | _ap.499-503. | ||
| 362 | _aJul-Sep | ||
| 650 | _aAccountability | ||
| 650 | _aPublic administration | ||
| 773 | _aIndian Journal of Public Administration | ||
| 908 | _aN | ||
| 909 | _a39318 | ||
| 999 |
_c39318 _d39318 |
||